Score 0/30 Timer 04:00
10 Plays Today
% Correct
Dinosaurs
87.6%
Rock Types
86.8%
Wines
86.7%
Beef Cuts
86.3%
Condiments
85.3%
Beans
84.5%
Japanese Islands
83.8%
Noble Gases
83.4%
Spices
83.2%
Mojito Ingredients
83.1%
Nautical Terms
82.9%
Nobel Prizes
82.4%
States of Matter
82.1%
Beatles
81.3%
Pelvic Bones
81%
% Correct
Dog Breeds
79.5%
Sporcle Categories
78.4%
Greek Letters
76.1%
Musical Terms
75.6%
Peninsulas
74.8%
Herbs
74.4%
Beetles
73.3%
Mountains
72%
Pokémon
71%
Dow Jones Companies
69.8%
Horses
68.7%
Roman Gods
68%
Mexican States
66.3%
NATO Phonetic Alphabet
66%
Moons
64%
Remove Ads.
Support Sporcle.
Get the best of Sporcle when you Go Orange. This ad-free experience offers more features, more stats, and more fun while also helping to support Sporcle. Thank you for becoming a member.

You're not logged in!

Compare scores with friends on all Sporcle quizzes.
OR
Log In

Show Comments

Extras

Top Quizzes Today


Score Distribution

Your Account Isn't Verified!

In order to create a playlist on Sporcle, you need to verify the email address you used during registration. Go to your Sporcle Settings to finish the process.

Report this User

Report this user for behavior that violates our Community Guidelines.

Details: